01264nam a22002897a 4500003000900000005001700009008002600026020001800052040002200070082002500092100003500117245011800152250002700270260003500297300002300332500005700355590002600412650004800438651005300486651006500539700004100604910001300645942001200658952014100670952014600811999001700957DO-SdBNP20210506090023.0210226b2013 dr | 0 spa d a9789945890105 aBPMSUbspacBPMSU a972.93697bG113h2221 aGabino Concepción, Andrés 10aHistoria del municipio de Tenarez /cAndrés Gabino Concepción (Tite) ; prólogo Pedro Carreras Aguilerab  a2a.ed. aum.y corr. b  aSanto Domingo :bBúho,c2013 a203 p.;c23 cm.b  aIncluye datos biográficos del autor en las solapas 6Inventariado, 2021/VM 4aCiudades y pueblos zRepública dominicana 4aTenares (República Dominicana xHistoria Local 4aTenares (República Dominicana xVida Social Y Costumbres 1 a Carreras Aguilera, PedrocPról.  a VMateo  2ddccBK 00102ddc40708CDaBPMETbBPMETd2021-05-06eAndrés GabinooBPMSU CD 972.93697 G113h 2013pBPMSU21050011r2021-05-06w2021-05-06yBK 00102ddc40708CDaBPMETbBPMETd2021-05-06eAndrés GabinooBPMSU CD 972.93697 G113h 2013pBPMSU21090071r2021-09-16te.2w2021-05-06yBK c13457d13457